Rastlinná biomasa, ako obnoviteľný zdroj energie

Charakterizácia a kvantifikácia odpadovej biomasy pochádzajúcej z poľnohospodárskej produkcie konkrétneho poľnohospodárskeho podniku (vysokoškolský poľnohospodársky podnik s. r. o., Kolíňany), vyjadrenie jej energetickej hodnoty a jej zhodnotenie ako možného obnoviteľného zdroja energie.

Guardado en:
Detalles Bibliográficos
Autor principal: Jureková, Zuzana
Otros Autores: Blažej, Anton, Žáčiková, Lucia
Formato: Capítulo de libro
Lenguaje:eslovaco
Materias:
Etiquetas: Agregar Etiqueta
Sin Etiquetas, Sea el primero en etiquetar este registro!

MARC

LEADER 00000naa$a2200000$$$4500
001 0091862
005 20231012074903.8
041 0 |a slo 
044 |a SK 
245 1 0 |a Rastlinná biomasa, ako obnoviteľný zdroj energie  |c Zuzana Jureková, Anton Blažej, Lucia Žáčiková 
520 |a Charakterizácia a kvantifikácia odpadovej biomasy pochádzajúcej z poľnohospodárskej produkcie konkrétneho poľnohospodárskeho podniku (vysokoškolský poľnohospodársky podnik s. r. o., Kolíňany), vyjadrenie jej energetickej hodnoty a jej zhodnotenie ako možného obnoviteľného zdroja energie. 
610 2 0 |a rozvoj trvalo udržateľný 
610 2 0 |a výroba poľnohospodárska 
610 2 0 |a odpad 
610 2 0 |a bioenergetika 
610 2 0 |a zdroje energie obnoviteľné 
100 1 |a Jureková, Zuzana 
700 1 |a Blažej, Anton 
700 1 |a Žáčiková, Lucia